[Event "Junior-SM"]
[Site "Lund"]
[Date "2010.07.03"]
[Round "1"]
[White "Berggren, Jonatan"]
[Black "Thörn, Eric"]
[Result "1-0"]
[WhiteElo "2135"]
[BlackElo "2165"]
[PlyCount "60"]
[EventDate "2010.??.??"]
[EventRounds "9"]
[EventCountry "SWE"]
[Source "Anders Hansen"]
[SourceDate "2010.07.03"]

1. d4 d5 2. Bf4 Nf6 3. Nf3 c5 4. e3 Nc6 5. c3 Qb6 6. Qb3 c4 7. Qxb6 axb6 8. Na3
Bf5 9. Nh4 Bc8 10. Be2 h6 11. Nf3 Bf5 12. Ne5 Nd7 13. g4 Bh7 14. Nb5 Ncxe5 15.
Nc7+ Kd8 16. Nxa8 Nc6 17. Bg3 e5 18. dxe5 Bc5 19. b4 Be7 20. b5 Ncxe5 21. Nxb6
Ba3 22. O-O Be4 23. Nxd7 Nxd7 24. Rad1 Bc5 25. h4 Nb6 26. Be5 Ke7 27. Bd4 Kd6
28. f3 Bh7 29. e4 Re8 30. Rfe1 Ra8 1-0

[Event "Junior-SM"]
[Site "Lund"]
[Date "2010.07.03"]
[Round "1"]
[White "Bergren Torell, Harald"]
[Black "Johansson, Linus"]
[Result "1/2-1/2"]
[WhiteElo "1926"]
[BlackElo "1953"]
[PlyCount "71"]
[EventDate "2010.??.??"]
[EventRounds "9"]
[EventCountry "SWE"]
[Source "Anders Hansen"]
[SourceDate "2010.07.03"]

1. f4 d5 2. Nf3 g6 3. e3 Bg7 4. d4 Nf6 5. Bd3 O-O 6. O-O c5 7. c3 Nc6 8. Nbd2
Qc7 9. Ne5 Ne8 10. Nxc6 Qxc6 11. Qe2 Nd6 12. b3 Bf5 13. Bb2 Bxd3 14. Qxd3 Rac8
15. Rac1 c4 16. Qc2 Rfe8 17. Rfe1 f5 18. Re2 a5 19. Kf2 b5 20. bxc4 bxc4 21.
Ba3 Rb8 22. Bxd6 exd6 23. Ree1 Qd7 24. Rb1 Rxb1 25. Rxb1 Qe7 26. Nf1 Bh6 27. g3
Bf8 28. Rb5 a4 29. Kg1 Ra8 30. Qg2 Qe4 31. Qxe4 dxe4 32. Nd2 d5 33. Rxd5 Rb8
34. Nxc4 Rb1+ 35. Kg2 Ra1 36. a3 1/2-1/2

[Event "Junior-SM"]
[Site "Lund"]
[Date "2010.07.03"]
[Round "1"]
[White "Pettersson, Anders"]
[Black "Lindgren, Philip"]
[Result "1/2-1/2"]
[WhiteElo "2100"]
[BlackElo "2109"]
[PlyCount "85"]
[EventDate "2010.??.??"]
[EventRounds "9"]
[EventCountry "SWE"]
[Source "Anders Hansen"]
[SourceDate "2010.07.03"]

1. d4 d5 2. c4 c6 3. Nf3 Nf6 4. Nc3 e6 5. Bg5 h6 6. Bh4 dxc4 7. e4 g5 8. Bg3 b5
9. h4 g4 10. Ne5 h5 11. Be2 Bb7 12. O-O Nbd7 13. d5 cxd5 14. exd5 Nxd5 15. Nxb5
a6 16. Bxc4 Nxe5 17. Bxe5 f6 18. Bxd5 Bxd5 19. Nc7+ Kf7 20. Bf4 Rc8 21. Nxd5
Qxd5 22. Qxd5 exd5 23. Rfd1 Ke6 24. Rd4 Rc5 25. g3 Bd6 26. Bxd6 Kxd6 27. Rad1
a5 28. b4 axb4 29. Rxb4 Rhc8 30. Rbd4 Ke5 31. Kg2 Ra5 32. Rf4 Rc4 33. Re1+ Re4
34. Rfxe4+ dxe4 35. Re2 Ra3 36. Rb2 Ra5 37. Kf1 f5 38. a4 Rxa4 39. Rb5+ Ke6 40.
Rb6+ Ke5 41. Rb5+ Ke6 42. Rb6+ Ke5 43. Rb5+ 1/2-1/2

[Event "Junior-SM"]
[Site "Lund"]
[Date "2010.07.03"]
[Round "1"]
[White "Westerberg, Jonathan"]
[Black "Vaarala, Eric"]
[Result "1-0"]
[WhiteElo "2165"]
[BlackElo "2125"]
[PlyCount "51"]
[EventDate "2010.??.??"]
[EventRounds "9"]
[EventCountry "SWE"]
[Source "Anders Hansen"]
[SourceDate "2010.07.03"]

1. e4 e5 2. Nf3 Nc6 3. d4 exd4 4. Bc4 Nf6 5. e5 d5 6. Bb5 Ne4 7. Nxd4 Bd7 8.
Bxc6 bxc6 9. O-O Bc5 10. f3 Ng5 11. f4 Ne4 12. Be3 Qe7 13. Nd2 f5 14. Nxe4 dxe4
15. Qh5+ g6 16. Qe2 Rb8 17. e6 Bxe6 18. Nxc6 Qd6 19. Nxb8 O-O 20. Rad1 Qb6 21.
Nd7 Bxe3+ 22. Kh1 Bxd7 23. Rxd7 Qc6 24. Rdd1 Bb6 25. c4 Qf6 26. c5 1-0

[Event "Junior-SM"]
[Site "Lund"]
[Date "2010.07.04"]
[Round "2"]
[White "Janse, Rasmus"]
[Black "Bergren Torell, Harald"]
[Result "1/2-1/2"]
[WhiteElo "2169"]
[BlackElo "1926"]
[PlyCount "81"]
[EventDate "2010.??.??"]
[EventRounds "9"]
[EventCountry "SWE"]
[Source "Anders Hansen"]
[SourceDate "2010.07.03"]

1. d4 f5 2. g3 Nf6 3. Bg2 e6 4. c4 c6 5. Nh3 Be7 6. O-O d6 7. Nc3 O-O 8. e4 e5
9. dxe5 dxe5 10. exf5 Bxf5 11. Ng5 Nbd7 12. Qe2 Qc7 13. Nce4 Nc5 14. Bd2 h6 15.
Nxf6+ Bxf6 16. Ne4 Bxe4 17. Bxe4 Ne6 18. Qg4 Ng5 19. Bxg5 Bxg5 20. Rad1 Rad8
21. h4 Bf6 22. Qe6+ Qf7 23. Bf5 g6 24. Qxf7+ Kxf7 25. Be4 Rxd1 26. Rxd1 Rd8 27.
Rxd8 Bxd8 28. Kf1 a5 29. a3 Bb6 30. b4 axb4 31. axb4 Bd4 32. Ke2 Kf6 33. f3 Bc3
34. b5 cxb5 35. cxb5 b6 36. g4 Bd4 37. Kd3 Bf2 38. h5 gxh5 39. gxh5 Kg5 40. Bg6
Kf4 41. Ke2 1/2-1/2

[Event "Junior-SM"]
[Site "Lund"]
[Date "2010.07.04"]
[Round "2"]
[White "Johansson, Linus"]
[Black "Pettersson, Anders"]
[Result "1/2-1/2"]
[WhiteElo "1953"]
[BlackElo "2100"]
[PlyCount "120"]
[EventDate "2010.??.??"]
[EventRounds "9"]
[EventCountry "SWE"]
[Source "Anders Hansen"]
[SourceDate "2010.07.03"]

1. d4 d5 2. c4 c6 3. Nf3 Nf6 4. Nc3 e6 5. Bg5 Nbd7 6. e3 Be7 7. Bd3 dxc4 8.
Bxc4 Nd5 9. Bxe7 Qxe7 10. O-O O-O 11. Qc2 Nxc3 12. bxc3 e5 13. Bd3 h6 14. Rfe1
Re8 15. Bh7+ Kh8 16. Bf5 e4 17. Bxd7 Bxd7 18. Ne5 Bf5 19. Rab1 f6 20. Nc4 b6
21. Red1 Rad8 22. Nd2 c5 23. Nf1 Qc7 24. d5 Bg4 25. Rd2 h5 26. h3 Bc8 27. c4 h4
28. a4 a5 29. Qd1 Re5 30. f4 exf3 31. Qxf3 Rd6 32. Qf4 g5 33. Qf3 Ba6 34. Rc1
Qh7 35. Nh2 Bc8 36. Qf2 Qe4 37. Nf3 Re8 38. Re2 Bd7 39. Nd2 Qf5 40. Qxf5 Bxf5
41. e4 Bd7 42. Ra1 Kg7 43. Kf2 Kh6 44. Re3 Re5 45. Rb3 f5 46. Rab1 fxe4 47. Ke3
Kh5 48. Rxb6 Rxb6 49. Rxb6 g4 50. hxg4+ Kxg4 51. Rg6+ Kh5 52. Ra6 Rg5 53. Nxe4
Re5 54. Rf6 Bf5 55. Rxf5+ Rxf5 56. Nxc5 Kg6 57. Nb3 Rg5 58. Kf2 Rf5+ 59. Ke3
Rg5 60. Kf2 Rf5+ 1/2-1/2

[Event "Junior-SM"]
[Site "Lund"]
[Date "2010.07.04"]
[Round "2"]
[White "Thörn, Eric"]
[Black "Morin, Max"]
[Result "1-0"]
[WhiteElo "2165"]
[BlackElo "1715"]
[PlyCount "97"]
[EventDate "2010.??.??"]
[EventRounds "9"]
[EventCountry "SWE"]
[Source "Anders Hansen"]
[SourceDate "2010.07.03"]

1. d4 d5 2. c4 e6 3. Nf3 c5 4. cxd5 exd5 5. g3 Nc6 6. Bg2 c4 7. O-O Nf6 8. Nc3
Bb4 9. Bg5 Be6 10. Ne5 Be7 11. Qa4 Bd7 12. Nxd7 Qxd7 13. Rad1 Rd8 14. Bxf6 Bxf6
15. Nxd5 Nxd4 16. Qxc4 b5 17. Qc5 Qd6 18. Qxa7 Nxe2+ 19. Kh1 O-O 20. Rfe1 Rfe8
21. Bf3 Nd4 22. Rxe8+ Rxe8 23. Nxf6+ Qxf6 24. Qxd4 Qxf3+ 25. Kg1 h6 26. b4 Re2
27. Qd8+ Kh7 28. Qd3+ Qxd3 29. Rxd3 Rxa2 30. Rd5 Rb2 31. Rxb5 g5 32. Rb8 g4 33.
b5 Rb1+ 34. Kg2 Kg7 35. b6 Kh7 36. b7 Kg7 37. f4 Kf6 38. Kf2 Ke7 39. Ke3 Kf6
40. Ke4 Re1+ 41. Kd5 Rd1+ 42. Kc6 Rc1+ 43. Kd7 Rb1 44. Ke8 Rb3 45. Kf8 Rb1 46.
Kg8 Rb3 47. Kh7 Rb2 48. Rg8 Rxb7 49. Rxg4 1-0

[Event "Junior-SM"]
[Site "Lund"]
[Date "2010.07.04"]
[Round "2"]
[White "Vaarala, Eric"]
[Black "Lindgren, Philip"]
[Result "0-1"]
[WhiteElo "2125"]
[BlackElo "2109"]
[PlyCount "118"]
[EventDate "2010.??.??"]
[EventRounds "9"]
[EventCountry "SWE"]
[Source "Anders Hansen"]
[SourceDate "2010.07.03"]

1. e4 c5 2. Nf3 d6 3. d4 cxd4 4. Nxd4 Nf6 5. Nc3 g6 6. Be3 Bg7 7. f3 Nc6 8. Qd2
O-O 9. Bc4 Bd7 10. O-O-O Rc8 11. Bb3 Ne5 12. Kb1 a6 13. h4 h5 14. g4 hxg4 15.
h5 Nxh5 16. Rdg1 Qa5 17. Bh6 Rc5 18. Bxg7 Kxg7 19. f4 Nc4 20. Bxc4 Rxc4 21. Nb3
Qb6 22. f5 Rh8 23. Rg2 g3 24. Nd5 Qd8 25. Qd3 Bb5 26. Qf3 Bc6 27. Nd2 Bxd5 28.
Nxc4 Bxc4 29. Qc3+ Nf6 30. Rhg1 Bb5 31. Rxg3 Rh6 32. Qd4 Qc7 33. Rc3 Bc6 34. a3
Qa5 35. fxg6 fxg6 36. Rcg3 Qe5 37. Qxe5 dxe5 38. Rg5 Nd7 39. R5g4 Kf7 40. b4
Nf6 41. Rg5 Bxe4 42. Rxe5 Rh1 43. Rxh1 Bxh1 44. c4 Nd7 45. Re1 Bc6 46. Kb2 g5
47. Kc3 g4 48. Rc1 e5 49. a4 Bf3 50. a5 g3 51. Rf1 e4 52. Kd4 g2 53. Rc1 Nf6
54. c5 Be2 55. Rg1 Bf1 56. b5 axb5 57. c6 bxc6 58. a6 Nd7 59. a7 Nb6 0-1

[Event "Junior-SM"]
[Site "Lund"]
[Date "2010.07.04"]
[Round "2"]
[White "Westerberg, Jonathan"]
[Black "Berggren, Jonatan"]
[Result "1-0"]
[WhiteElo "2165"]
[BlackElo "2135"]
[PlyCount "75"]
[EventDate "2010.??.??"]
[EventRounds "9"]
[EventCountry "SWE"]
[Source "Anders Hansen"]
[SourceDate "2010.07.03"]

1. e4 c5 2. Nf3 e6 3. d4 cxd4 4. Nxd4 a6 5. Nc3 b5 6. Bd3 Qb6 7. Nb3 Qc7 8. O-O
Bb7 9. Qe2 Nc6 10. f4 d6 11. Be3 Nf6 12. a4 b4 13. Nb1 Be7 14. N1d2 e5 15. Nc4
exf4 16. Rxf4 Ne5 17. Nb6 Rb8 18. a5 Nxd3 19. Qxd3 g5 20. Rff1 Bxe4 21. Qxa6
Ng4 22. Qb5+ Bc6 23. Qf5 Ne5 24. Nd4 Bb7 25. Rae1 h6 26. Qf2 Ba6 27. Nd5 Qd7
28. Nf6+ Bxf6 29. Qxf6 Rh7 30. Rf5 Rd8 31. Rxe5+ dxe5 32. Qxa6 Kf8 33. Nc6 Re8
34. Qd3 f5 35. Bc5+ Kg8 36. Nxe5 Qc7 37. Qd5+ Kh8 38. Bd4 1-0

[Event "Junior-SM"]
[Site "Lund"]
[Date "2010.07.05"]
[Round "3"]
[White "Berggren, Jonatan"]
[Black "Vaarala, Eric"]
[Result "1/2-1/2"]
[WhiteElo "2135"]
[BlackElo "2125"]
[PlyCount "101"]
[EventDate "2010.??.??"]
[EventRounds "9"]
[EventCountry "SWE"]
[Source "Anders Hansen"]
[SourceDate "2010.07.03"]

1. e4 e5 2. Bc4 Nf6 3. d4 exd4 4. Nf3 Bb4+ 5. c3 d5 6. exd5 dxc3 7. Qa4+ Nc6 8.
bxc3 Nxd5 9. cxb4 Qe7+ 10. Be2 O-O 11. Qb3 Re8 12. Be3 Nf4 13. Kf1 Bg4 14. h3
Bh5 15. Bd1 Qf6 16. Nc3 Rad8 17. a3 Nd5 18. Bd2 Bxf3 19. Bxf3 Nd4 20. Qd1 Nxc3
21. Bxc3 Qa6+ 22. Kg1 Nxf3+ 23. Qxf3 Rd3 24. Qf4 Rxc3 25. Kh2 h6 26. Rhc1 Rxc1
27. Rxc1 Re7 28. Rxc7 Rxc7 29. Qxc7 Qxa3 30. Qxb7 Qa2 31. Qa8+ Kh7 32. Qe4+ g6
33. Qd4 a6 34. Qf6 Qc4 35. f4 Kg8 36. Qd6 Qc8 37. Qe5 Qb7 38. Qd6 Qc8 39. Qb6
Qf5 40. Kg3 Qd3+ 41. Kh2 Qd2 42. Qb8+ Kh7 43. Qc7 Kg8 44. Qc4 Kg7 45. Qe4 Qd6
46. Kg1 Qd1+ 47. Kf2 Qd2+ 48. Kg3 Qc3+ 49. Kh2 Qd2 50. Qe5+ Kg8 51. Qe8+
1/2-1/2

[Event "Junior-SM"]
[Site "Lund"]
[Date "2010.07.05"]
[Round "3"]
[White "Bergren Torell, Harald"]
[Black "Thörn, Eric"]
[Result "1-0"]
[WhiteElo "1926"]
[BlackElo "2165"]
[PlyCount "91"]
[EventDate "2010.??.??"]
[EventRounds "9"]
[EventCountry "SWE"]
[Source "Anders Hansen"]
[SourceDate "2010.07.03"]

1. e4 g6 2. d4 Bg7 3. Nf3 d6 4. Be2 Nd7 5. Be3 Ngf6 6. Nc3 c5 7. O-O O-O 8. d5
a6 9. a4 Qb6 10. Qd3 Ng4 11. Bd2 e6 12. a5 Qc7 13. dxe6 fxe6 14. Ng5 Nde5 15.
Qg3 Nh6 16. f4 Nc6 17. Bc4 Nd4 18. f5 gxf5 19. Nxe6 Bxe6 20. Bxe6+ Nxe6 21.
Bxh6 f4 22. Qg4 Qf7 23. Nd5 Rae8 24. Nxf4 Nxf4 25. Rxf4 Rxe4 26. Raf1 Rxf4 27.
Rxf4 Qe7 28. Rxf8+ Qxf8 29. Qxg7+ Qxg7 30. Bxg7 Kxg7 31. c4 Kf6 32. Kf2 Ke5 33.
Ke3 Kf5 34. h3 Ke5 35. g4 d5 36. cxd5 Kxd5 37. h4 Ke5 38. b3 Kd5 39. Kf4 Kd4
40. g5 Kc3 41. h5 Kxb3 42. g6 hxg6 43. hxg6 c4 44. g7 c3 45. g8=Q+ Kb2 46. Qg7
1-0

[Event "Junior-SM"]
[Site "Lund"]
[Date "2010.07.05"]
[Round "3"]
[White "Lindgren, Philip"]
[Black "Johansson, Linus"]
[Result "0-1"]
[WhiteElo "2109"]
[BlackElo "1953"]
[PlyCount "106"]
[EventDate "2010.??.??"]
[EventRounds "9"]
[EventCountry "SWE"]
[Source "Anders Hansen"]
[SourceDate "2010.07.03"]

1. d4 Nc6 2. c4 e5 3. d5 Nce7 4. Nc3 Ng6 5. e4 Nf6 6. g3 Bb4 7. Bg2 Bxc3+ 8.
bxc3 d6 9. Ne2 b6 10. O-O Bd7 11. Be3 Qc8 12. Re1 h5 13. h4 Bh3 14. f3 Bd7 15.
Nc1 O-O 16. Nb3 a5 17. Nd2 Nh7 18. Bf2 f6 19. Kh2 f5 20. exf5 Bxf5 21. Ne4 Bxe4
22. Rxe4 Qf5 23. Re3 Nf6 24. Bg1 Ne7 25. Bh3 Qg6 26. Qd3 Qxd3 27. Rxd3 Ng6 28.
Rd2 Kf7 29. Be3 e4 30. Be6+ Ke7 31. f4 Rfe8 32. Bd4 Nf8 33. Bxf6+ Kxf6 34. f5
Nh7 35. Re2 Ke5 36. Bf7 Nf6 37. Bxe8 Rxe8 38. Rf1 Rf8 39. Rf4 a4 40. Rf1 Ra8
41. Kg2 a3 42. Rd2 Ra4 43. Rd4 Ra5 44. Rf2 Rc5 45. Rf4 b5 46. cxb5 Rxc3 47. Ra4
Kxd5 48. Ra7 Nd7 49. Ra8 Ne5 50. Rg8 e3 51. Rf1 Rc2+ 52. Kg1 e2 53. Re1 Nd3 0-1

[Event "Junior-SM"]
[Site "Lund"]
[Date "2010.07.05"]
[Round "3"]
[White "Morin, Max"]
[Black "Westerberg, Jonathan"]
[Result "0-1"]
[WhiteElo "1715"]
[BlackElo "2165"]
[PlyCount "80"]
[EventDate "2010.??.??"]
[EventRounds "9"]
[EventCountry "SWE"]
[Source "Anders Hansen"]
[SourceDate "2010.07.03"]

1. e4 d6 2. d4 e5 3. dxe5 dxe5 4. Qxd8+ Kxd8 5. Bc4 Be6 6. Bxe6 fxe6 7. Nf3 Bd6
8. Nc3 Nf6 9. Be3 Nbd7 10. O-O-O Ke7 11. a3 Rhb8 12. Nb5 Nxe4 13. Rxd6 cxd6 14.
Nc7 Ndf6 15. Nxa8 Rxa8 16. Ng5 Kd7 17. Nxe4 Nxe4 18. f3 Nf6 19. Rd1 Nd5 20. Bf2
b5 21. Bg3 Rc8 22. Rd3 Rc4 23. Rd1 h5 24. Bf2 a5 25. b3 Rf4 26. Kb2 g5 27. c3
h4 28. h3 e4 29. c4 bxc4 30. bxc4 Nf6 31. Be3 Rf5 32. fxe4 Nxe4 33. Rd4 Re5 34.
Bd2 Nxd2 35. Rxd2 Re3 36. Rf2 Kc6 37. Rf6 e5 38. Rf8 Re2+ 39. Kb3 Rxg2 40. Ka4
Rg3 0-1

[Event "Junior-SM"]
[Site "Lund"]
[Date "2010.07.05"]
[Round "3"]
[White "Pettersson, Anders"]
[Black "Janse, Rasmus"]
[Result "1-0"]
[WhiteElo "2100"]
[BlackElo "2169"]
[PlyCount "59"]
[EventDate "2010.??.??"]
[EventRounds "9"]
[EventCountry "SWE"]
[Source "Anders Hansen"]
[SourceDate "2010.07.03"]

1. d4 e6 2. c4 c5 3. d5 exd5 4. cxd5 d6 5. Nc3 Nf6 6. e4 g6 7. Nf3 a6 8. Qe2
Bg4 9. e5 Bxf3 10. gxf3 dxe5 11. Qxe5+ Qe7 12. Bf4 Qxe5+ 13. Bxe5 Nbd7 14. Bc7
Bh6 15. Bh3 O-O 16. O-O Ne8 17. Bxd7 Nxc7 18. d6 Rfd8 19. Ne4 Bg7 20. Rfd1 Nb5
21. Bxb5 axb5 22. Nxc5 b6 23. Ne4 b4 24. Rac1 Bxb2 25. Rc6 h6 26. Rxb6 Rab8 27.
Rxb8 Rxb8 28. d7 Rd8 29. Nc5 Bf6 30. Nb7 1-0

[Event "Junior-SM"]
[Site "Lund"]
[Date "2010.07.06"]
[Round "4"]
[White "Berggren, Jonatan"]
[Black "Morin, Max"]
[Result "1/2-1/2"]
[WhiteElo "2135"]
[BlackElo "1715"]
[PlyCount "99"]
[EventDate "2010.??.??"]
[EventRounds "9"]
[EventCountry "SWE"]
[Source "Anders Hansen"]
[SourceDate "2010.07.03"]

1. e4 c6 2. c4 d5 3. cxd5 cxd5 4. exd5 Nf6 5. Nc3 Nxd5 6. Nf3 Nxc3 7. bxc3 Nc6
8. Bc4 Qc7 9. Qe2 Bf5 10. O-O e6 11. d4 Be7 12. Bb2 O-O 13. a3 Bg4 14. Ba2 Qf4
15. Qe3 Bd6 16. Bc1 Bxf3 17. Qxf4 Bxf4 18. Bxf4 Bd5 19. Rfd1 Na5 20. Bd6 Rfc8
21. Bb4 Bxa2 22. Bxa5 Bd5 23. Rdc1 Kf8 24. Bb4+ Ke8 25. a4 Rc4 26. a5 a6 27. f3
f6 28. Kf2 Kf7 29. Re1 Re8 30. Rad1 Rcc8 31. Kg3 h5 32. Rd2 Kg6 33. Kf4 Rh8 34.
Rde2 Rce8 35. Bc5 Rc8 36. Bb4 Rce8 37. Rc2 Rc8 38. Kg3 Kf5 39. Rce2 h4+ 40. Kf2
Rhe8 41. g4+ hxg3+ 42. hxg3 Rh8 43. Rg1 Rh2+ 44. Ke3 Rxe2+ 45. Kxe2 Bc4+ 46.
Ke3 Rh8 47. g4+ Kg6 48. Bd6 Rh3 49. Bg3 Rh8 50. Bd6 1/2-1/2

[Event "Junior-SM"]
[Site "Lund"]
[Date "2010.07.06"]
[Round "4"]
[White "Vaarala, Eric"]
[Black "Johansson, Linus"]
[Result "1-0"]
[WhiteElo "2125"]
[BlackElo "1953"]
[PlyCount "71"]
[EventDate "2010.??.??"]
[EventRounds "9"]
[EventCountry "SWE"]
[Source "Anders Hansen"]
[SourceDate "2010.07.03"]

1. e4 Nc6 2. d4 d5 3. e5 f6 4. f4 Bf5 5. Nc3 e6 6. Be3 Bb4 7. Bd3 Bxd3 8. cxd3
f5 9. Nh3 Nh6 10. Qh5+ Kd7 11. Nf2 Qe8 12. Qf3 Ba5 13. Rc1 Bb6 14. Na4 Qe7 15.
a3 Bxd4 16. Bxd4 Nxd4 17. Qe3 Nb3 18. Rc2 d4 19. Qf3 Rab8 20. g4 Rhc8 21. gxf5
Nxf5 22. Qe4 c5 23. Nc3 dxc3 24. Qa4+ b5 25. Qxb3 Nd4 26. Qxc3 Nxc2+ 27. Qxc2
Rf8 28. Ne4 Rxf4 29. Nxc5+ Kd8 30. Qc3 b4 31. axb4 Rfxb4 32. O-O Ke8 33. Ne4
Rxb2 34. Nd6+ Kd8 35. Nf7+ Ke8 36. Qc6+ 1-0

[Event "Junior-SM"]
[Site "Lund"]
[Date "2010.07.06"]
[Round "4"]
[White "Westerberg, Jonathan"]
[Black "Bergren Torell, Harald"]
[Result "1-0"]
[WhiteElo "2165"]
[BlackElo "1926"]
[PlyCount "83"]
[EventDate "2010.??.??"]
[EventRounds "9"]
[EventCountry "SWE"]
[Source "Anders Hansen"]
[SourceDate "2010.07.03"]

1. e4 d6 2. d4 g6 3. Nc3 Bg7 4. Be3 Nf6 5. Qd2 O-O 6. Bh6 Bxh6 7. Qxh6 c5 8.
Nf3 cxd4 9. Nxd4 Qb6 10. O-O-O Nc6 11. Qd2 Qxd4 12. Qxd4 Nxd4 13. Rxd4 Be6 14.
f4 Rac8 15. h3 Nh5 16. f5 Ng3 17. Rg1 gxf5 18. exf5 Bxf5 19. Rf4 Bg6 20. Bd3
Bxd3 21. Rg4+ Bg6 22. Rxg3 e6 23. Kd2 d5 24. Rc1 Rc4 25. Ne2 Rfc8 26. c3 e5 27.
b3 Rh4 28. Re3 Re4 29. Rd1 f5 30. Rxe4 dxe4 31. Ke1 f4 32. c4 e3 33. Nc3 e4 34.
Rd4 f3 35. gxf3 exf3 36. Nd5 Re8 37. Nf6+ Kf7 38. Nxe8 Kxe8 39. Rf4 f2+ 40. Ke2
Bb1 41. a3 Ba2 42. Kxe3 1-0

[Event "Junior-SM"]
[Site "Lund"]
[Date "2010.07.07"]
[Round "5"]
[White "Bergren Torell, Harald"]
[Black "Berggren, Jonatan"]
[Result "0-1"]
[WhiteElo "1926"]
[BlackElo "2135"]
[PlyCount "64"]
[EventDate "2010.??.??"]
[EventRounds "9"]
[EventCountry "SWE"]
[Source "Anders Hansen"]
[SourceDate "2010.07.03"]

1. e4 c5 2. Nf3 e6 3. d4 cxd4 4. Nxd4 a6 5. Nc3 b5 6. Bd3 Qb6 7. Nf3 Nc6 8. O-O
Qb8 9. Re1 Bd6 10. a4 b4 11. Nb1 Nge7 12. Nbd2 Ng6 13. Nc4 Bc7 14. h3 a5 15.
Bd2 f6 16. c3 O-O 17. Nd4 Nce5 18. Nxe5 fxe5 19. Nb5 Bb6 20. Be3 Ne7 21. cxb4
axb4 22. Qb3 Nc6 23. Rac1 Bd4 24. Re2 Qb6 25. Qc4 Rxa4 26. Bxd4 exd4 27. e5 Ba6
28. Qc5 Qb8 29. Qc2 Bxb5 30. Bxh7+ Kh8 31. Qe4 Bxe2 32. Qh4 Qd8 0-1

[Event "Junior-SM"]
[Site "Lund"]
[Date "2010.07.07"]
[Round "5"]
[White "Johansson, Linus"]
[Black "Janse, Rasmus"]
[Result "0-1"]
[WhiteElo "1953"]
[BlackElo "2169"]
[PlyCount "90"]
[EventDate "2010.??.??"]
[EventRounds "9"]
[EventCountry "SWE"]
[Source "Anders Hansen"]
[SourceDate "2010.07.03"]

1. d4 e6 2. c4 c5 3. d5 exd5 4. cxd5 Nf6 5. Nc3 d6 6. e4 g6 7. Nf3 a6 8. a4 Bg4
9. Be2 Bg7 10. Nd2 Bxe2 11. Qxe2 O-O 12. Nc4 Ne8 13. Bf4 Qf6 14. Bg3 Nd7 15.
O-O Qe7 16. Kh1 f5 17. exf5 Qxe2 18. Nxe2 Rxf5 19. Ne3 Rf7 20. a5 Bxb2 21. Rab1
Bd4 22. Nxd4 cxd4 23. Nc4 Ndf6 24. Rbd1 Rc8 25. Rxd4 Nxd5 26. Re1 Re7 27. Rxe7
Nxe7 28. h4 Nf5 29. Rf4 Rc5 30. h5 Nxg3+ 31. fxg3 Rxh5+ 32. Kg1 Rc5 33. Kf2 d5
34. Ne3 Rxa5 35. Rb4 Nd6 36. Rb6 Nc4 37. Nxc4 dxc4 38. Rxb7 Rc5 39. Ke2 c3 40.
Kd1 c2+ 41. Kc1 a5 42. Ra7 g5 43. Rb7 g4 44. Ra7 h5 45. Rb7 Rc3 0-1

[Event "Junior-SM"]
[Site "Lund"]
[Date "2010.07.07"]
[Round "5"]
[White "Lindgren, Philip"]
[Black "Thörn, Eric"]
[Result "1-0"]
[WhiteElo "2109"]
[BlackElo "2165"]
[PlyCount "101"]
[EventDate "2010.??.??"]
[EventRounds "9"]
[EventCountry "SWE"]
[Source "Anders Hansen"]
[SourceDate "2010.07.03"]

1. d4 Nf6 2. c4 g6 3. Nc3 Bg7 4. e4 d6 5. Nf3 O-O 6. Be2 e5 7. O-O Nbd7 8. Re1
c6 9. Bf1 Qe7 10. Rb1 a5 11. b3 exd4 12. Nxd4 Nc5 13. f3 Nh5 14. Be3 Re8 15.
Qd2 Be5 16. a3 Qf6 17. Nce2 Be6 18. g4 Qh4 19. Nc3 Nf6 20. Kh1 h6 21. h3 Rad8
22. Qg2 Nh7 23. f4 Bg7 24. b4 axb4 25. axb4 Na6 26. Na4 Qe7 27. Nb6 Bc8 28. Bd3
Nxb4 29. Rxb4 c5 30. Nd5 Qf8 31. Rbb1 cxd4 32. Bd2 Nf6 33. Ba5 Nxd5 34. cxd5
Rd7 35. Bb5 Rde7 36. Bxe8 Qxe8 37. Qf3 f5 38. exf5 gxf5 39. Rxe7 Qxe7 40. Re1
fxg4 41. Rxe7 gxf3 42. Re8+ Kf7 43. Rxc8 Kg6 44. Kg1 Kf5 45. Rc7 Bf6 46. Rf7
Kg6 47. Rxb7 Bh4 48. Rb6 Kf5 49. Rxd6 Kxf4 50. Rxh6 Bg5 51. Bd2+ 1-0

[Event "Junior-SM"]
[Site "Lund"]
[Date "2010.07.07"]
[Round "5"]
[White "Morin, Max"]
[Black "Vaarala, Eric"]
[Result "0-1"]
[WhiteElo "1715"]
[BlackElo "2125"]
[PlyCount "74"]
[EventDate "2010.??.??"]
[EventRounds "9"]
[EventCountry "SWE"]
[Source "Anders Hansen"]
[SourceDate "2010.07.03"]

1. e4 c5 2. c3 d5 3. exd5 Qxd5 4. d4 Nc6 5. Nf3 Bg4 6. Be2 cxd4 7. cxd4 e6 8.
Nc3 Bb4 9. O-O Bxc3 10. bxc3 Nf6 11. Qb3 Qxb3 12. axb3 Ne4 13. Bb2 Bxf3 14.
Bxf3 Nd2 15. Bxc6+ bxc6 16. Rfd1 Nxb3 17. Ra3 Rb8 18. Rxa7 O-O 19. Ba3 Ra8 20.
Rxa8 Rxa8 21. Bb4 Rd8 22. f4 c5 23. Rb1 Nd2 24. Rd1 cxb4 25. Rxd2 bxc3 26. Rc2
h5 27. Rxc3 Rxd4 28. Rf3 Kh7 29. Kf2 Rd2+ 30. Kg3 Kg6 31. Ra3 h4+ 32. Kh3 Rf2
33. g3 hxg3 34. hxg3 f5 35. Ra4 Kf6 36. g4 Rf3+ 37. Kh4 Rxf4 0-1

[Event "Junior-SM"]
[Site "Lund"]
[Date "2010.07.07"]
[Round "5"]
[White "Pettersson, Anders"]
[Black "Westerberg, Jonathan"]
[Result "1-0"]
[WhiteElo "2100"]
[BlackElo "2165"]
[Annotator "Axel Smith"]
[PlyCount "59"]
[EventDate "2010.??.??"]
[EventRounds "9"]
[EventCountry "SWE"]
[Source "Anders Hansen"]
[SourceDate "2010.07.03"]

1. d4 e6 2. c4 f5 3. g3 Nf6 4. Bg2 Bb4+ {Lars Karlssons specialvariant. De
båda är klubbkamrater i SK Rockaden, så man kan anta varifrån idéerna kommer.}
5. Nc3 O-O 6. Nf3 b6 (6... Ne4 {
är Agdestein-Karlsson och Tisdall-Karlsson från en zonturnering 1989.}) 7. Nd2
$1 {Hindrar svarts naturliga utveckling och tar kontroll över e4-fältet.} c6 8.
O-O Qe7 9. Qb3 {Man kan anta att vit nu kommer att lyckas framtvinga Bxc3.
Efter tillbakaslag med bxc3 får vit övertag i centrum, och kan bemöta ett
senare d7-d5 med cxd5 följt av c3-c4.} ({Generellt är} 9. e4 {
ett bra drag, eftersom bytet av e- mot f-bonde gynnar vit.}) 9... d5 10. cxd5
exd5 {Diagram #} (10... Bxc3 11. d6 $1 {är väldigt bra för vit.
Fianchettolöpare är generellt bättre än andra löpare. Problemet är bara att
bondedraget (i det här fallet g2-g3) inte kämpar om centrum. Nu har vit
lyckats få både centrum och en öppen fianchettolöpare.}) 11. Nxd5 {
Det ser väldigt starkt ut, men det finns faktiskt ett hål i kombinationen.}
cxd5 12. Bxd5+ Nxd5 (12... Be6 13. Bxe6+ Kh8 {
är två bönder över för vit och helt hopplöst}) 13. Qxd5+ {Diagram #} Kh8 $2 (
13... Qe6 $1 {tar kontroll över c6-fältet} 14. Qxa8 Nc6 {
och svarts dam är fångad. I nästa drag kommer Ba6 och svart står på vinst.})
14. Qxa8 Bb7 $1 {Enda chansen är att stänga in damen.} 15. Qxa7 Ba5 {Diagram #}
16. d5 $1 {Enda draget - annars är damen fångad.} Na6 17. Nc4 Ra8 18. d6 $6 (
18. Bg5 $1 {öppnar inte den långa diagonalen.}) 18... Qf7 {Diagram #} (18...
Qd7 19. Ne5 $1 {vinner för vit. 19.Nxb6? Qc6 är inte lika starkt.}) (18... Qe4
$1 {och bästa spel ger nu} 19. f3 Qc6 20. Rd1 Nb8 $1 {
Svart vinner damen men vit får tillräckligt med material.}) 19. Rd1 $1 {
Pettersson ignorerar helt hotet på damen och placerar tornet bakom fribonden.}
Rxa7 20. d7 {Vit får tillbaka dam för pjäs.} Qxc4 {Bästa draget.} 21. d8=Q+ Qg8
{Diagram # Svart har för tillfället två pjäser mot torn, men taktiken är inte
slut än.} 22. a3 $1 {Vit vinner pjäs.} Nc5 23. b4 Bxb4 24. Qxb6 $1 {
Den sista finessen. Nu är det slut.} Ra8 25. Qxb4 Qc8 26. Be3 Qc6 27. f3 Na6
28. Qb6 Qe8 29. Rd3 Nb4 {Det fanns ändå inte mycket att kämpa om.} 30. Qxb4 1-0